| 000 | 01018nam a22003137a 4500 | ||
|---|---|---|---|
| 001 | 7645 | ||
| 003 | FISKH | ||
| 005 | 20250729135048.0 | ||
| 008 | 250729b cb ||||| |||| 00| 0 eng d | ||
| 020 | _a9780545484329 | ||
| 040 |
_aFISKH _beng _cFISKH _dFISKH |
||
| 050 | _aE457 .M55 | ||
| 082 | _a973.7 | ||
| 100 | _aMetzger, Steve | ||
| 245 |
_aLincoln and Grace : _bWhy Abraham Lincoln grew a beard / _cBy Steve Metzger : Illustrated by Ann Kronheimer |
||
| 250 | _aFirst printing, January 2015 | ||
| 260 |
_aNew York : _bScholastic , _c2013. |
||
| 300 |
_a40 pages : _bcolor illustrations ; _c26 cm . |
||
| 505 | _aS | ||
| 520 | _aThe true story of Grace Bedell, who suggested that Abraham Lincoln grow a beard. | ||
| 521 | 8 |
_a800
_bLexile AD |
|
| 521 | 8 |
_aS
_bRaz-Plus |
|
| 650 |
_aAbraham Lincoln _vNon-fiction |
||
| 650 |
_aPresidents _vNon-fiction |
||
| 650 |
_aReading Railroad _vNon-fiction |
||
| 700 |
_aKronheimer, Ann _eIllustrator |
||
| 942 |
_2ddc _cBK _n0 |
||
| 999 |
_c7645 _d7645 |
||